[Event "Amantea op-B 9th"]
[Site "Amantea"]
[Date "2011.09.05"]
[Round "2"]
[White "Vasta, Armando"]
[Black "Ielapi, Vito"]
[Result "0-1"]
[WhiteElo "1545"]
[BlackElo "1848"]
[PlyCount "134"]
[EventDate "2011.09.04"]
[EventType "swiss"]
[EventRounds "8"]
[EventCountry "ITA"]
[SourceTitle "EXT 2014"]
[Source "ChessBase"]
[SourceDate "2013.11.20"]
[SourceVersion "1"]
[SourceVersionDate "2013.11.20"]
[SourceQuality "1"]

1. d4 Nf6 2. c4 e6 3. Nf3 b6 4. Nc3 Bb7 5. Bg5 Be7 6. e3 0-0 7. Bd3 d5 8. cxd5 exd5 9. 0-0 Nbd7 10. Rb1 c5 11. h3 Ne4 12. Bxe7 Qxe7 13. dxc5 Nxc3 14. bxc3 Nxc5 15. Bc2 Qf6 16. Qd4 Qh6 17. Nh4 Ne4 18. Nf3 Rac8 19. Bxe4 dxe4 20. Ne1 Qc6 21. Rc1 Ba6 22. c4 Bxc4 23. g4 Rfd8 24. Qe5 f6 25. Qf4 Qb5 26. Qxe4 Bxf1 27. Rxc8 Rxc8 28. Qe6+ Kf8 29. Qxc8+ Kf7 30. Qb7+ Ke6 31. Qc8+ Kd6 32. Qd8+ Kc5 33. Qe7+ Kc6 34. Qe8+ Kb7 35. Qf7+ Ka6 36. Qxg7 Bxh3 37. Kh2 Qf1 38. Qh6 Bxg4 39. Qh4 Qxe1 40. Qxg4 Qxf2+ 41. Kh1 Qxa2 42. e4 Qf7 43. Qf5 Qe7 44. e5 Kb7 45. Qxf6 Qe8 46. e6 Kc8 47. Qf7 Kd8 48. Qf6+ Qe7 49. Qh8+ Kc7 50. Qe5+ Kc6 51. Kg2 b5 52. Kf3 b4 53. Kf4 h6 54. Qe4+ Kc7 55. Kf3 a5 56. Qf5 Kd6 57. Qxa5 Kxe6 58. Qb6+ Qd6 59. Qe3+ Kf5 60. Qe4+ Kf6 61. Qh4+ Kf7 62. Qh5+ Ke7 63. Qb5 Qf6+ 64. Ke4 Qe6+ 65. Kd4 Qd7+ 66. Qxd7+ Kxd7 67. Kc4 h5 0-1

[Event "Costa Viola op 3rd"]
[Site "St Eufemia d'Aspromonte"]
[Date "2010.01.05"]
[Round "7"]
[White "Ielapi, Vito"]
[Black "Gregori, Giacomo"]
[Result "1-0"]
[WhiteElo "1830"]
[BlackElo "1794"]
[PlyCount "113"]
[EventDate "2010.01.02"]
[EventType "swiss"]
[EventRounds "7"]
[EventCountry "ITA"]
[SourceTitle "EXT 2011"]
[Source "ChessBase"]
[SourceDate "2010.11.26"]
[SourceVersion "1"]
[SourceVersionDate "2010.11.26"]
[SourceQuality "1"]

1. d4 d5 2. Nf3 Nf6 3. e3 e6 4. Bd3 c5 5. c3 Nc6 6. Nbd2 Bd6 7. 0-0 0-0 8. dxc5 Bxc5 9. e4 e5 10. Qe2 Bg4 11. exd5 Bxf3 12. Qxf3 Qxd5 13. Ne4 Nxe4 14. Bxe4 Qd6 15. b4 Bb6 16. Rd1 Qc7 17. a4 a6 18. Qf5 g6 19. Qf6 Qe7 20. Qxe7 Nxe7 21. Bxb7 Ra7 22. Bf3 Rd8 23. Be3 Rxd1+ 24. Rxd1 Bxe3 25. fxe3 Kg7 26. c4 Rc7 27. Rc1 Kf8 28. c5 Nc8 29. b5 axb5 30. axb5 Ke7 31. Bc6 Na7 32. b6 Nxc6 33. bxc7 Kd7 34. Kf2 Kxc7 35. Ke2 Nb4 36. Ra1 Nc6 37. Kd3 f5 38. Ra8 e4+ 39. Kd2 Nd8 40. Kc3 Ne6 41. Ra7+ Kc6 42. Re7 Nxc5 43. Rxh7 Nd7 44. Rg7 Ne5 45. h3 Kd6 46. Rg8 Ke6 47. Kd4 Nc6+ 48. Kc5 Ne7 49. Ra8 g5 50. Ra6+ Ke5 51. Kc4 Nc8 52. Ra5+ Kf6 53. Kd4 Ne7 54. Ra6+ Kf7 55. g4 fxg4 56. hxg4 Ng8 57. Kxe4 1-0

[Event "Cutro op-B 14th"]
[Site "Cutro"]
[Date "2008.04.28"]
[Round "4"]
[White "Ielapi, Vito"]
[Black "Garofalo, Massimo"]
[Result "1-0"]
[WhiteElo "1929"]
[BlackElo "1745"]
[PlyCount "49"]
[EventDate "2008.04.25"]
[EventType "swiss"]
[EventRounds "7"]
[EventCountry "ITA"]
[SourceTitle "EXT 2009"]
[Source "ChessBase"]
[SourceDate "2008.11.26"]
[SourceVersion "1"]
[SourceVersionDate "2008.11.26"]
[SourceQuality "1"]

1. d4 Nf6 2. Nf3 g6 3. Nbd2 Bg7 4. e4 d6 5. Bd3 Nbd7 6. 0-0 e5 7. c3 0-0 8. Re1 Nh5 9. Nf1 Nf4 10. Bxf4 exf4 11. h3 Nf6 12. Qc2 h5 13. Rad1 Nh7 14. e5 d5 15. N1h2 Be6 16. b3 Ng5 17. Kh1 Rc8 18. Bxg6 Bxh3 19. Bxh5 Be6 20. Nxg5 Qxg5 21. Qe2 Qh4 22. Rg1 f6 23. g3 Qh3 24. gxf4 fxe5 25. Qxe5 1-0

[Event "Cutro op-B 12th"]
[Site "Cutro"]
[Date "2006.04.27"]
[Round "5"]
[White "Fagotto, Roberto"]
[Black "Ielapi, Vito"]
[Result "1/2-1/2"]
[WhiteElo "1940"]
[BlackElo "1953"]
[PlyCount "136"]
[EventDate "2006.04.23"]
[EventType "swiss"]
[EventRounds "9"]
[EventCountry "ITA"]
[SourceTitle "EXT 2007"]
[Source "ChessBase"]
[SourceDate "2006.11.23"]
[SourceVersion "1"]
[SourceVersionDate "2006.11.23"]
[SourceQuality "1"]

1. e4 d5 2. exd5 Qxd5 3. Nc3 Qd6 4. d4 Nf6 5. Bc4 a6 6. Bb3 Bg4 7. f3 Bh5 8. Nge2 e6 9. Bf4 Qd8 10. 0-0 Nbd7 11. Ng3 Be7 12. Qe2 c6 13. Nce4 Nxe4 14. Nxe4 0-0 15. c3 Bg6 16. Rfe1 a5 17. a4 e5 18. Be3 Kh8 19. dxe5 Bxe4 20. fxe4 Nxe5 21. Rad1 Qc7 22. Kh1 Rad8 23. Bc2 c5 24. c4 b6 25. Rd5 Rxd5 26. exd5 Bd6 27. Qh5 g6 28. Qe2 Kg7 29. b3 f6 30. h3 Rf7 31. Qd2 Kf8 32. Bh6+ Ke8 33. Be3 Kd8 34. Qf2 Nd7 35. Re2 Be5 36. Be4 Qd6 37. Bf3 Kc7 38. Bc1 Bg3 39. Qe3 Be5 40. Qd2 Qe7 41. Bb2 Kd6 42. Bxe5+ Nxe5 43. Qf4 f5 44. Qg3 Qf6 45. Rd2 h5 46. Qf2 Rh7 47. Bd1 g5 48. Kg1 g4 49. hxg4 hxg4 50. Bc2 Rf7 51. Qf4 g3 52. Qxg3 f4 53. Qh3 Kc7 54. Be4 f3 55. Rf2 Rf8 56. gxf3 Rh8 57. Qg3 Kd8 58. Rg2 Nxf3+ 59. Qxf3 Qa1+ 60. Qf1 Rh1+ 61. Kxh1 Qxf1+ 62. Kh2 Qf4+ 63. Rg3 Qxe4 64. Kh3 Qf5+ 65. Rg4 Qf3+ 66. Rg3 Qf5+ 67. Kg2 Qe4+ 68. Kf2 Kd7 1/2-1/2

[Event "Croce di Magara op"]
[Site "Camigliatello"]
[Date "2005.09.17"]
[Round "6"]
[White "Gad, Ahmad"]
[Black "Ielapi, Vito"]
[Result "0-1"]
[WhiteElo "1682"]
[BlackElo "1971"]
[PlyCount "148"]
[EventDate "2005.09.10"]
[EventType "swiss"]
[EventRounds "9"]
[EventCountry "ITA"]
[SourceTitle "EXT 2007"]
[Source "ChessBase"]
[SourceDate "2006.11.23"]
[SourceVersion "1"]
[SourceVersionDate "2006.11.23"]
[SourceQuality "1"]

1. e4 c6 2. Nc3 d5 3. Nf3 Bg4 4. exd5 cxd5 5. Bb5+ Bd7 6. Bxd7+ Qxd7 7. d4 Nc6 8. Bf4 a6 9. 0-0 e6 10. Na4 Qd8 11. Nc5 b6 12. Nd3 Nf6 13. Re1 Be7 14. c3 0-0 15. Nfe5 Nxe5 16. Bxe5 Bd6 17. Re2 Ng4 18. h3 Nxe5 19. Nxe5 Qc7 20. Qe1 Rae8 21. f4 Re7 22. g3 b5 23. a3 a5 24. Rc1 Rc8 25. Nd3 Qd8 26. Kf2 Rec7 27. Qd1 Rc4 28. Ne5 Bxe5 29. fxe5 b4 30. axb4 axb4 31. Rec2 Qc7 32. Qd3 g6 33. Ke1 Kf8 34. Kd1 b3 35. Rf2 Ra8 36. Kd2 Rca4 37. Ke3 f5 38. h4 Qc4 39. Rd2 Ke7 40. Kf4 h6 41. Qxc4 Rxc4 42. Rf2 Rca4 43. Rff1 Ra2 44. Rb1 Rg8 45. Rf2 Kd7 46. Rc1 Ra4 47. Rff1 Kc6 48. Ra1 Rga8 49. Rxa4 Rxa4 50. Ke3 Ra2 51. Rb1 Kb5 52. Kd3 g5 53. hxg5 hxg5 54. c4+ dxc4+ 55. Kc3 Ra4 56. Rh1 Kc6 57. Rh8 Kd5 58. Re8 f4 59. gxf4 gxf4 60. Rf8 Ke4 61. Rf6 f3 62. Rxe6 f2 63. Rf6 Ke3 64. d5 Ra5 65. Kxc4 Ra4+ 66. Kc3 Rf4 67. Rxf4 Kxf4 68. e6 f1Q 69. e7 Qe1+ 70. Kxb3 Qxe7 71. Kc4 Ke4 72. b4 Qc7+ 73. Kb3 Kd3 74. Ka4 Kc4 0-1

[Event "Cutro op-B 10th"]
[Site "Cutro"]
[Date "2004.04.29"]
[Round "5"]
[White "Parrotta, Daniele"]
[Black "Ielapi, Vito"]
[Result "1-0"]
[WhiteElo "1976"]
[BlackElo "1842"]
[PlyCount "51"]
[EventDate "2004.04.25"]
[EventType "swiss"]
[EventRounds "7"]
[EventCountry "ITA"]
[SourceTitle "EXT 2023"]
[Source "ChessBase"]
[SourceDate "2022.10.05"]
[SourceVersion "1"]
[SourceVersionDate "2022.10.05"]
[SourceQuality "1"]

1. d4 Nf6 2. Bg5 d5 3. Bxf6 gxf6 4. c4 e5 5. e3 Bb4+ 6. Nc3 c5 7. cxd5 Qxd5 8. Qa4+ Bd7 9. Qxb4 Qe6 10. Qxc5 exd4 11. Qxd4 Nc6 12. Qe4 Ne5 13. f4 Bc6 14. Bb5 Bxb5 15. Nxb5 Qb6 16. fxe5 Qxb5 17. exf6+ Kf8 18. Qe7+ Kg8 19. Qe4 h5 20. Qf4 Kh7 21. 0-0-0 Rhg8 22. Qf3 Rg4 23. Ne2 Rb4 24. Rd5 Rc8+ 25. Kd1 Qc4 26. Qxh5+ 1-0